UK Birds by Picture - Statistics

General Stats
  • This quiz has been taken 74 times
    68 since last reset
  • The average score is 7 of 16
Answer Stats
Picture Answer % Correct
Little Owl
82%
Turtle Dove
64%
Marsh Tit
61%
Stock Dove
59%
Mediterranean Gull
52%
Purple Heron
52%
Goshawk
46%
Whimbrel
43%
Kittiwake
38%
Scottish Crossbill
38%
Tree Pipit
36%
Wryneck
36%
Montagu's Harrier
34%
Whinchat
34%
Serin
32%
Leach's Storm Petrel
14%
No matching quizzes found
Score Distribution
Percent of People with Each Score
Percentile by Number Answered
Your Score History
You have not taken this quiz since the last reset